| 000 | 00510nam a2200169Ia 4500 | ||
|---|---|---|---|
| 003 | GCL | ||
| 008 | 140319s9999 xx 000 0 ara d | ||
| 040 |
_aGCL / _cGCL |
||
| 082 | 0 | 4 |
_a913.031 _bع ع |
| 100 | 1 | _aعاصم محمد رزق | |
| 245 | 1 | 0 |
_aعلم الاثار بين النظرية والتطبيق / _cعاصم محمد رزق |
| 300 | _a348 ص | ||
| 490 |
_aالهيئة العامة للاستعلامات _v0 |
||
| 650 | 0 | 4 | _aالاثار |
| 650 | 0 | 4 | _aالاثار، علم |
| 942 |
_2ddc _cBK |
||
| 999 |
_c48089 _d48089 |
||